Detalles MARC
| 000 -LIDER |
| fixed length control field |
02389nam a2200409 a 4500 |
| 001 - NÚMERO DE CONTROL |
| Identificador de número de control |
00192 |
| 003 - IDENTIFICACDOR DE NÚMERO DE CONTROL |
| control field |
DO-SdBNP |
| 005 - DATE AND TIME OF LATEST TRANSACTION |
| control field |
20200116083637.0 |
| 007 - CAMPOS FIJOS DE DESCRIPCIÓN FÍSICA |
| fixed length control field |
00192 |
| 008 - ELEMENTOS DE LONGITUD FIJA |
| fixed length control field |
091118s2001 dr 2001 000 0 spa d |
| 020 ## - ISBN |
| International Standard Book Number |
8482613626 |
| 040 ## - FUENTE DE CATALOGACIÓN |
| Agencia que crea de manera original el registro |
BPMSU |
| Idioma de catalogación |
spa |
| Agencia que realiza la transcripción |
BPMSU |
| 092 ## - LOCALLY ASSIGNED DEWEY DECIMAL CALL NUMBER |
| Número de clasificación |
373.83 |
| Número de ítem (Cutter) |
C957s 1ro. 2001 |
| 100 ## - ASIENTO PRINCIPAL -- NOMBRE PERSONAL |
| Nombre personal |
Cruz, Maria Ramona de la |
| 245 10 - MENCIÓN DE TITULO |
| Título |
Sociedad 1 : |
| Subtítulo |
historia y geografía universal ; [educación media] / |
| Mención de responsabilidad |
María Ramona de la Cruz, Ignacio Aybar ; prólogo Milagros Ortíz Bosch ; ed. Margarita Casto Catrain |
| 260 ## - PUBLICACIÓN, DISTRIBUCIÓN, ETC. (PIE DE IMPRENTA) |
| Lugar de publicación, distribución, etc |
Santo Domingo : |
| Nombre del editor, distribuidor, etc. |
Santillana, |
| Fecha de publicación, distribución, etc |
2001. |
| 300 ## - DESCRIPCIÓN FÍSICA |
| Extensión |
279 p. : |
| Otros detalles físicos |
il., mapas., retrs. ; |
| Dimensiones |
28 cm. |
| 500 ## - NOTA GENERAL |
| Nota general |
1ero. media /Primer grado, Primer Ciclo |
| 505 0# - NOTA DE CONTENIDO |
| Título |
Unidad 1. |
| -- |
Las ciencias sociales -- |
| -- |
Unidad 2. |
| -- |
La historia como ciencia -- |
| -- |
Unidad 3. |
| -- |
Preehistoria y orígenes de la humanidad -- |
| -- |
Unidad 4. |
| -- |
Las culturas clásicas de Oriente -- |
| -- |
Unidad 5. |
| -- |
La civilización griega -- |
| -- |
Unidad 6. |
| -- |
La civilización romana -- |
| -- |
Unidad 7. |
| -- |
El imperio bizantino -- |
| -- |
Unidad 8. |
| -- |
Origen y expansión del islam -- |
| -- |
Unidad 9. |
| -- |
La sociedad feudal -- |
| -- |
Unidad 10. |
| -- |
La dad moderna -- |
| -- |
Unidad 11. |
| -- |
La edad contemporanea -- |
| -- |
Unidad 12. |
| -- |
El siglo XX -- |
| -- |
Unidad 13. |
| -- |
Introducción a la geografía -- |
| -- |
Unidad 14. |
| -- |
Localización, límites y superficies -- |
| -- |
Unidad 15. |
| -- |
Geología y relieve de los continentes -- |
| -- |
Unidad 16. |
| -- |
Hidrografía y climas -- |
| -- |
Unidad 17. |
| -- |
La población mundial -- |
| -- |
Unidad 18. |
| -- |
El mundo organizado -- |
| -- |
Unidad 19. |
| -- |
Recursos y medios geográficos -- |
| -- |
Unidad 20. |
| -- |
El espacio económico mundial. |
| 650 #4 - ENCABEZAMIENTO DE MATERIA--TEMÁTICO |
| Término temático o nombre geográfico como elemento de entrada |
CIENCIAS SOCIALES |
| Subdivisión temática general |
ENSENAÑZA SECUNDARIA |
| 650 #4 - ENCABEZAMIENTO DE MATERIA--TEMÁTICO |
| Término temático o nombre geográfico como elemento de entrada |
CIENCIAS SOCIALES |
| Subdivisión temática general |
EDUCACIÓN SECUNDARIA |
| 650 #4 - ENCABEZAMIENTO DE MATERIA--TEMÁTICO |
| Término temático o nombre geográfico como elemento de entrada |
CIENCIAS SOCIALES |
| Subdivisión temática general |
LIBROS DE TEXTOS |
| 650 #4 - ENCABEZAMIENTO DE MATERIA--TEMÁTICO |
| Término temático o nombre geográfico como elemento de entrada |
CIENCIAS SOCIALES |
| Subdivisión temática general |
ESTUDIOS Y EJERCICIOS |
| 650 #4 - ENCABEZAMIENTO DE MATERIA--TEMÁTICO |
| Término temático o nombre geográfico como elemento de entrada |
EDUCACIÓN SECUNDARIA |
| Subdivisión geográfica |
REPÚBLICA DOMINICANA |
| 700 12 - ASIENTO SECUNDARIO -- NOMBRE PERSONAL |
| Nombre personal |
Aybar, Ignacio, |
| 700 12 - ASIENTO SECUNDARIO -- NOMBRE PERSONAL |
| Nombre personal |
Ortíz Bosch, Milagros, |
| Mención de responsabilidad |
pról. |
| 700 12 - ASIENTO SECUNDARIO -- NOMBRE PERSONAL |
| Nombre personal |
García Escobar, Obdulia, |
| Mención de responsabilidad |
ed. |
| 910 ## - VALIDACIÓN |
| Validación |
Validado. Control de calidad MFF |
| 930 #1 - EQUIVALENCE OR CROSS-REFERENCE-UNIFORM TITLE HEADING [LOCAL, CANADA] |
| Language of a work |
BND01 |
| Medium of performance for music |
LF1 |
| Field link and sequence number |
20091125 |
| Date of a work |
01 |
| Name of part/section of a work |
OI |
| Miscellaneous information |
8470 |
| 930 #1 - EQUIVALENCE OR CROSS-REFERENCE-UNIFORM TITLE HEADING [LOCAL, CANADA] |
| Language of a work |
BND01 |
| Medium of performance for music |
LF1 |
| Field link and sequence number |
20091125 |
| Date of a work |
01 |
| Name of part/section of a work |
CT |
| Miscellaneous information |
8469 |
| 930 #1 - EQUIVALENCE OR CROSS-REFERENCE-UNIFORM TITLE HEADING [LOCAL, CANADA] |
| Language of a work |
BND01 |
| Medium of performance for music |
LF1 |
| Field link and sequence number |
20091125 |
| Date of a work |
01 |
| Name of part/section of a work |
OI |
| Miscellaneous information |
8469 |
| 942 ## - ADDED ENTRY ELEMENTS (KOHA) |
| Source of classification or shelving scheme |
Dewey Decimal Classification |
| Koha item type |
Libros |
| 945 ## - INFORMACIÓN DE PROCESAMIENTO LOCAL |
| Información de procesamiento local |
Remanejado para la Bib. BNPHU, 2018/ YL |
| 956 ## - LOCAL ELECTRONIC LOCATION AND ACCESS (OCLC) |
| Nombre de host |
YLOCKWARD |
| Número de acceso |
10 |
| Información de compresión |
20150622 |
| Inicio de sesión |
BND01 |
| Procesador de solicitud |
1439 |
| 956 ## - LOCAL ELECTRONIC LOCATION AND ACCESS (OCLC) |
| Nombre de host |
VMATEO |
| Número de acceso |
10 |
| Información de compresión |
20150629 |
| Inicio de sesión |
BPMSU |
| 956 ## - LOCAL ELECTRONIC LOCATION AND ACCESS (OCLC) |
| Nombre de host |
BRENDA TAVÁREZ |
| Número de acceso |
10 |
| Información de compresión |
20160414 |
| Inicio de sesión |
BPMSU |